Im Frühling sterben : Roman /

Bibliographic Details
Main Author: Rothmann, Ralf (Author)
Format: Book
Language:German
Published: Berlin : Suhrkamp, [2015]
Edition:Erste Auflage.
Subjects:

MARC

Tag First Indicator Second Indicator Subfields
LEADER 00000cam a2200000 i 4500
001 in00003593521
005 20170928135115.0
008 150619t20152015gw 000 1 ger c
010 |a  2015417890 
020 |a 9783518424759  |q (hd. bd.) 
020 |a 3518424750  |q (hd. bd.) 
035 |a (OCoLC)ocn911265421 
040 |a OHX  |e rda  |c OHX  |d UBY  |d OSU  |d ZCU  |d NGU  |d TXA  |d UtOrBLW 
049 |a TXAM 
090 |a PT2678.O84  |b I44 2015 
100 1 |a Rothmann, Ralf,  |e author.  |0 http://id.loc.gov/authorities/names/nr88001053 
245 1 0 |a Im Frühling sterben :  |b Roman /  |c Ralf Rothmann. 
250 |a Erste Auflage. 
264 1 |a Berlin :  |b Suhrkamp,  |c [2015] 
264 4 |c ©2015 
300 |a 233 pages ;  |c 21 cm. 
336 |a text  |b txt  |2 rdacontent 
337 |a unmediated  |b n  |2 rdamedia 
338 |a volume  |b nc  |2 rdacarrier 
650 0 |a World War, 1939-1945  |x Youth  |v Fiction. 
948 |a cataloged  |b h  |c 2015/9/30  |d c  |e dmitchel  |f 9:20:10 am 
994 |a C0  |b TXA 
999 f f |s 59a4aee0-1c8e-3d86-8c75-487531e26301  |i 18d84f45-e6a5-3053-943b-30a533186043  |t 0 
952 f f |p normal  |a Texas A&M University  |b College Station  |c Sterling C. Evans Library  |d Evans: Library Stacks  |t 0  |e PT2678.O84 I44 2015  |h Library of Congress classification  |i unmediated -- volume  |m A14842808140 
998 f f |a PT2678.O84 I44 2015  |t 0  |l Evans: Library Stacks